[Event "Tirol-ch"]
[Site "Jenbach"]
[Date "2011.07.06"]
[Round "5"]
[White "Karrer, Georg"]
[Black "Sovago, Philipp"]
[Result "1-0"]
[WhiteElo "1959"]
[BlackElo "1985"]
[PlyCount "85"]
[EventDate "2011.07.02"]
[EventType "swiss"]
[EventRounds "7"]
[EventCountry "AUT"]
[SourceTitle "EXT 2024"]
[Source "ChessBase"]
[SourceDate "2023.10.10"]
[SourceVersion "1"]
[SourceVersionDate "2023.10.10"]
[SourceQuality "1"]

1. e4 c5 2. Nf3 Nc6 3. d4 cxd4 4. Nxd4 Nf6 5. Nc3 e5 6. Ndb5 d6 7. Bg5 a6 8. Bxf6 gxf6 9. Na3 f5 10. Bd3 f4 11. Nd5 Be6 12. c3 Bxd5 13. exd5 Ne7 14. Qb3 Bg7 15. 0-0-0 b5 16. f3 Qb6 17. Nc4 Qc7 18. Nd2 b4 19. Qa4+ Qd7 20. Qxd7+ Kxd7 21. c4 Rhc8 22. Kb1 f5 23. g3 Bh6 24. g4 e4 25. fxe4 fxg4 26. e5 dxe5 27. Bxh7 f3 28. Ne4 Bg7 29. d6 Rxc4 30. dxe7+ Kxe7 31. Bf5 Rd8 32. Rdg1 f2 33. Rxg4 Rxe4 34. Bxe4 Bh6 35. h4 Rd2 36. Rf1 Be3 37. h5 Bd4 38. Bc2 Kd6 39. h6 Kd5 40. h7 Re2 41. Re4 Be3 42. Rxe3 Rxe3 43. Rd1+ 1-0

[Event "AUT-chT2W 0708"]
[Site "Austria"]
[Date "2008.01.27"]
[Round "8.6"]
[White "Karrer, Georg"]
[Black "Sandholzer, Robert"]
[Result "1/2-1/2"]
[WhiteElo "1955"]
[BlackElo "2108"]
[PlyCount "44"]
[EventDate "2007.10.06"]
[EventType "team"]
[EventRounds "11"]
[EventCountry "AUT"]
[SourceTitle "EXT 2009"]
[Source "ChessBase"]
[SourceDate "2008.11.26"]
[SourceVersion "1"]
[SourceVersionDate "2008.11.26"]
[SourceQuality "1"]
[WhiteTeam "Woergl"]
[BlackTeam "Hohenems II"]
[WhiteTeamCountry "AUT"]
[BlackTeamCountry "AUT"]

1. e4 c6 2. d4 d5 3. Nc3 dxe4 4. Nxe4 Bf5 5. Ng3 Bg6 6. Nh3 e6 7. Nf4 Bd6 8. Ngh5 Bxf4 9. Nxf4 Nf6 10. h4 Bf5 11. f3 h5 12. c3 Qc7 13. Bd3 Bxd3 14. Qxd3 Nbd7 15. Bd2 0-0-0 16. 0-0-0 Kb8 17. Kb1 Ka8 18. Ne2 Nb6 19. Bf4 Qe7 20. Rhe1 Rd7 21. Qc2 Nfd5 22. Bg5 Qe8 1/2-1/2

[Event "Tirol-ch"]
[Site "Kramsach"]
[Date "2007.06.27"]
[Round "4.13"]
[White "Karrer, Georg"]
[Black "Noeckl, Gerhard"]
[Result "1-0"]
[WhiteElo "1953"]
[BlackElo "1643"]
[PlyCount "43"]
[EventDate "2007.06.24"]
[EventType "swiss"]
[EventRounds "7"]
[EventCountry "AUT"]
[SourceTitle "EXT 2024"]
[Source "ChessBase"]
[SourceDate "2023.10.10"]
[SourceVersion "1"]
[SourceVersionDate "2023.10.10"]
[SourceQuality "1"]

1. e4 g6 2. d4 Bg7 3. Nc3 Nf6 4. Be3 d5 5. e5 Ng4 6. Bf4 h5 7. Qd2 Nc6 8. 0-0-0 Bf5 9. Bb5 Qd7 10. Nf3 a6 11. Ba4 e6 12. h3 Nh6 13. Bg5 Ng8 14. Nh4 Bh6 15. f3 Bxg5 16. Qxg5 b5 17. Bb3 b4 18. Na4 Na5 19. g4 Nxb3+ 20. cxb3 Qb5 21. gxf5 gxf5 22. Qg7 1-0

[Event "AUT-chT2W 0607"]
[Site "Austria"]
[Date "2007.03.02"]
[Round "9.2"]
[White "Mrsic, Robert"]
[Black "Karrer, Georg"]
[Result "1/2-1/2"]
[WhiteElo "1965"]
[BlackElo "2125"]
[PlyCount "24"]
[EventDate "2006.10.21"]
[EventType "team"]
[EventRounds "11"]
[EventCountry "AUT"]
[SourceTitle "EXT 2008"]
[Source "ChessBase"]
[SourceDate "2007.11.25"]
[SourceVersion "1"]
[SourceVersionDate "2007.11.25"]
[SourceQuality "1"]

1. e4 c5 2. Nf3 d6 3. Bb5+ Bd7 4. Bxd7+ Nxd7 5. 0-0 g6 6. c3 Ngf6 7. Qe2 Bg7 8. h3 0-0 9. d3 Qc7 10. Na3 a6 11. Bg5 e5 12. Nc2 Qc6 1/2-1/2

[Event "AUT-chT2W 0506"]
[Site "Austria"]
[Date "2006.01.20"]
[Round "6"]
[White "Heinritz, Dietmar"]
[Black "Karrer, Georg"]
[Result "0-1"]
[WhiteElo "1899"]
[BlackElo "1966"]
[PlyCount "88"]
[EventDate "2005.10.08"]
[EventType "team"]
[EventRounds "11"]
[EventCountry "AUT"]
[SourceTitle "EXT 2007"]
[Source "ChessBase"]
[SourceDate "2006.11.23"]
[SourceVersion "1"]
[SourceVersionDate "2006.11.23"]
[SourceQuality "1"]
[WhiteTeam "Lochau"]
[BlackTeam "Woergl"]
[WhiteTeamCountry "AUT"]
[BlackTeamCountry "AUT"]

1. d4 Nf6 2. c4 d5 3. Nc3 g6 4. cxd5 Nxd5 5. e4 Nxc3 6. bxc3 Bg7 7. Rb1 0-0 8. Nf3 c5 9. Be2 Nc6 10. d5 Ne5 11. Nxe5 Bxe5 12. Qc2 Qc7 13. g3 e6 14. c4 exd5 15. cxd5 Rd8 16. 0-0 a6 17. Be3 b6 18. f4 Bg7 19. Bf3 Bb7 20. Rfd1 f6 21. Qb3 Rd6 22. Rdc1 Rb8 23. f5 g5 24. Bf2 a5 25. g4 Bf8 26. Bg3 Ba6 27. Qc3 c4 28. Qd4 Qd8 29. Qb2 Be7 30. h3 b5 31. Kg2 b4 32. Re1 a4 33. Qd2 c3 34. Qd4 Qb6 35. Qxb6 Rdxb6 36. Bxb8 Rxb8 37. Rbc1 Bd6 38. Be2 Bxe2 39. Rxe2 Be5 40. Rb1 b3 41. axb3 axb3 42. Kf3 c2 43. Rf1 Rc8 44. d6 Bxd6 0-1